The Bible as it was / (Record no. 1275)

000 -LEADER
fixed length control field 01104nam a22003137a 4500
001 - CONTROL NUMBER
control field 2123205
003 - CONTROL NUMBER IDENTIFIER
control field OSt
005 - DATE AND TIME OF LATEST TRANSACTION
control field 20210426100845.0
008 - FIXED-LENGTH DATA ELEMENTS--GENERAL INFORMATION
fixed length control field 970325s1997 maua b 001 0 eng
010 ## - LIBRARY OF CONGRESS CONTROL NUMBER
LC control number 97003299
020 ## - INTERNATIONAL STANDARD BOOK NUMBER
International Standard Book Number 0674069404 (alk. paper)
040 ## - CATALOGING SOURCE
Original cataloging agency DLC
Transcribing agency DLC
Modifying agency DLC
Language of cataloging eng
041 ## - LANGUAGE CODE
Language code of text/sound track or separate title eng
050 00 - LIBRARY OF CONGRESS CALL NUMBER
Classification number BS1225.2
Item number .K84 1997
080 ## - UNIVERSAL DECIMAL CLASSIFICATION NUMBER
Universal Decimal Classification number 2
Item number K-89
082 00 - DEWEY DECIMAL CLASSIFICATION NUMBER
Classification number 222/.106/09
Edition number 21
100 1# - MAIN ENTRY--PERSONAL NAME
Personal name Kugel, James L.
245 14 - TITLE STATEMENT
Title The Bible as it was /
Statement of responsibility, etc. James L. Kugel.
Remainder of title / by: Belknap Press of Harvard University Press
260 ## - PUBLICATION, DISTRIBUTION, ETC.
Place of publication, distribution, etc. Cambridge, Mass.
Name of publisher, distributor, etc. Belknap Press of Harvard University Press
Date of publication, distribution, etc. 1997.
300 ## - PHYSICAL DESCRIPTION
Extent xvii, 680 p.
Other physical details ill.
Dimensions 26 cm.
365 ## - TRADE PRICE
Price amount 35 usd
504 ## - BIBLIOGRAPHY, ETC. NOTE
Bibliography, etc. note Includes bibliographical references (p. 617-646) and index.
630 00 - SUBJECT ADDED ENTRY--UNIFORM TITLE
Uniform title Bible.
Name of part/section of a work Pentateuch
General subdivision Criticism, interpretation, etc.
-- History.
650 #0 - SUBJECT ADDED ENTRY--TOPICAL TERM
9 (RLIN) 262
Topical term or geographic name entry element Religion
Topical term following geographic name entry element Holy Bible
653 ## - INDEX TERM--UNCONTROLLED
Uncontrolled term რელიგია
906 ## - LOCAL DATA ELEMENT F, LDF (RLIN)
a 7
b cbc
c orignew
d 1
e ocip
f 19
g y-gencatlg
942 ## - ADDED ENTRY ELEMENTS (KOHA)
Source of classification or shelving scheme
Koha item type Books
Holdings
Withdrawn status Lost status Source of classification or shelving scheme Damaged status Not for loan Permanent location Current location Date acquired Inventory number Total Checkouts Full call number Barcode Date last seen Price effective from Koha item type
          Ken Walker International University Ken Walker International University 02/08/2021 1318   2 K-89 1318 02/08/2021 02/08/2021 Books

Powered by Koha